Eurovision Song Lyrics - Poland - Statistics

General Stats
  • This quiz has been taken 30 times
  • The average score is 127 of 210
Answer Stats
Answer % Correct
my
82%
to
82%
river
79%
the
79%
a
75%
in
75%
In
75%
me
71%
Oh
68%
oh
68%
(Oh)
68%
carry
64%
Carry
64%
down
64%
all
61%
All
61%
done
61%
many
61%
take
61%
be
57%
body
57%
Bury
57%
I've
57%
of
57%
skin
57%
strings
57%
that
57%
too
57%
water
57%
away
54%
Gonna
54%
Let
54%
Lord
54%
wanna
54%
I'm
50%
king
50%
Right
50%
right
50%
things
50%
and
46%
float
46%
Just
46%
Pulling
46%
Who'd
46%
now
32%
head
29%
I'll
29%
forever
25%
yeah
25%
lay
21%
No matching quizzes found
Score Distribution
Percent of People with Each Score
Percentile by Number Answered
Your Score History
You have not taken this quiz